| 000 | 00648nam a2200181Ia 4500 | ||
|---|---|---|---|
| 008 | 090630s9999 xx 000 0 und d | ||
| 082 | _b21633 | ||
| 100 | _aपोरे सुरेश. | ||
| 245 |
_aसाहेब म्हणू नये आपला. _cपोरे सुरेश. |
||
| 260 |
_bप्रियांजली. _c2001 |
||
| 300 | _a143 | ||
| 600 | _aपोरे सुरेश. | ||
| 630 | _aसाहेब म्हणू नये आपला. | ||
| 655 | _aलघुकथा. | ||
| 700 | _aपोरे सुरेश. | ||
| 730 | _aसाहेब म्हणू नये आपला. | ||
| 942 | _cBOOK | ||
| 999 |
_c273489 _d273489 |
||